000 00822nam a2200277Ia 4500
001 Para_6157
003 CHAP
008 220125s1981 xx 000 0 und d
010 _a204937
040 _cCHAP
090 _aPA FOLLETO 285
100 _aRincón Carreón, José
_9170881
245 _aGuía para cultivar colza de temporal en los Valles Altos /
_c por José Rincón Carreón
260 _aChapingo, Méx. :
_b INIA
300 _a12 p.
440 _aFolleto para productores; 8
_9166408
650 _aColza
_x México
_9164082
710 _aInstituto Nacional de Investigaciones Agrícolas (México)
_959316
901 _aPA FOLLETO 285
902 _aA
905 _a0000001981 a 0000000000 00
910 _a1981
942 _cPARA
942 _cPARA
_d1
999 _c204937
_d204937